Statistics for Coutries and Territories That Use The Euro

Click here to take the quiz!

General Stats

  • This quiz has been taken 35 times
  • The average score is 33 of 55

Answer Stats

Answer% Correct
France
100%
Portugal
100%
Belgium
96%
Germany
96%
Ireland
96%
Italy
96%
Luxembourg
96%
Netherlands
96%
Spain
96%
Austria
93%
Finland
93%
Malta
93%
Slovakia
93%
Slovenia
93%
Andorra
89%
Estonia
89%
Latvia
89%
Lithuania
89%
Croatia
85%
Greece
85%
Monaco
85%
Vatican City
85%
Bulgaria
81%
Cyprus
81%
San Marino
81%
Kosovo
78%
Bosnia and Herzegovina
74%
Denmark
70%
Montenegro
70%
North Macedonia
70%
Chad
37%
Mali
37%
Central African Republic
33%
Ivory Coast
33%
Benin
30%
Cameroon
30%
Cape Verde
30%
Equatorial Guinea
30%
Gabon
30%
Niger
30%
Togo
30%
Zimbabwe
30%
French Polynesia
26%
Guinea-Bissau
26%
Morocco
26%
Republic of the Congo
26%
São Tomé and Príncipe
26%
Senegal
26%
Burkina Faso
22%
New Caledonia
22%
Saint Barthélemy
19%
Comoros
15%
Saint Pierre and Miquelon
15%
Wallis and Futuna
15%
Akrotiri and Dhekelia
4%

Score Distribution

Percentile by Number Answered

Percent of People with Each Score

Your Score History

You have not taken this quiz